| 000 | 01139nam a22003257i 4500 | ||
|---|---|---|---|
| 003 | URS | ||
| 005 | 20220114152908.0 | ||
| 008 | |||
| 020 | _a9789719518907 | ||
| 040 |
_aDLC _erda _beng _cDLC _dDLC |
||
| 042 |
_alcode _apcc |
||
| 043 | _aa-ph--- | ||
| 050 | 0 | 0 |
_aKPM2095 _bV83o 2011 |
| 100 | 1 | _aVitug, Marites DaƱguilan. | |
| 245 | 1 | 0 |
_aOur rights, our victories : _blandmark cases in the Supreme Court / _cMarites DaƱguilan Vitug and Criselda Yabes. |
| 246 | 3 | 0 | _aLandmark cases in the Supreme Court |
| 264 | 1 |
_aQuezon City : _bCleverheads Pub., _c2011. |
|
| 300 |
_a227 pages : _billustrations ; _c23cm |
||
| 336 |
_atext _btxt _2rdacontent |
||
| 337 |
_aunmediated _bn _2rdamedia |
||
| 338 |
_avolume _bnc _2rdacarrier |
||
| 504 | _aIncludes bibliographical references (pages 203-217) and index. | ||
| 610 | 1 | 0 |
_aPhilippines. _bSupreme Court. |
| 650 | 0 |
_aCivil rights _zPhilippines _xCases. |
|
| 700 | 1 | _aYabes, Criselda. | |
| 856 | 4 | 1 |
_3Table of contents only _uhttp://www.loc.gov/catdir/toc/fy13pdf01/2011308453.html |
| 906 |
_a7 _bcbc _corigode _d3 _encip _f20 _gy-gencatlg |
||
| 942 |
_2lcc _cF |
||
| 999 |
_c7803 _d7803 |
||